000
00252nam a2200109Ia 4500
008
190216s9999||||xx |||||||||||||| ||und||
100
_a
Sherlekar S A
245
0
_a
Secretarial Practice
260
_b
Narosa Pubs House
_c
1969
300
_a
61p
942
_c
BK
999
_c
3937
_d
3937